01913cam a22004814i 4500003000900000005001700009008004100026020001800067020001500085035002000100040003300120049000900153082001900162100002800181245008300209250001900292264005300311300006000364336002100424337002500445338002300470504004000493504003400533505046200567526001001029526001001039526001001049526001001059526000801069526000801077526000801085526000801093526000801101526000801109526000801117650003001125650001901155910000801174942001501182999001701197980005501214952016201269PE-LiUPU20250731173110.0181213s2018 miua rb 001 0 eng d a9780801099748 a0801099749 a(Sirsi) a251052 aPE-LiUPUbspacPE-LiUPUerda aPRUA04a251bC462c2231 aChapell, Bryan,eautor.10aChrist-centered preaching :bredeeming the expository sermon /cBryan Chapell. aThird edition. 1aGrand Rapids, Michigan :bBaker Academic,c2018. axxi, 421 páginas :bilustraciones ;c24 centímetros atext2rdacontent aunmediated2rdamedia avolume2rdacarrier aBibliografía : páginas 405-414. aÍndice : páginas 415-421.0 aPrinciples for Expository Preaching -- Word and Witness -- Obligations of the Sermon -- The Priority of the Text -- Components of Exposition -- Preparation of Expository Sermons -- The Process of Explanation -- Outlining and Structure -- The Pattern of Illustration -- The Practice of Application -- Introductions, Conclusions, and Transitions -- A Theology of Christ-Centered Messages -- A Redemptive Approach to Preaching -- Developing Redemptive Sermons. aSEG42 aSEG41 aSEG40 aSEG39 aP94 aP87 aP86 aP85 aP77 aP76 aP3504aBibliaxuso homilético.04aPredicación. adbm 2ddccBKn0 c30504d30504 81gALBERTO SANCHEZ Responsable de Automatización r2025-12-03 00:00:00i5l0o251 C462c 2018p79516te1v23.00xPGyBKzinventario-2023-12-13102ddc50708GENfP85aBULbBULcGENd2018-12-13eCOMPRAg18.00